Crops and their Highest Producing Countries T to Z - Statistics

General Stats
  • This quiz has been taken 74 times
  • The average score is 6 of 8
Answer Stats
Crop Country % Correct
Tea China
100%
Tobacco China
85%
Tomatoes China
85%
Watermelons China
80%
Walnuts China
78%
Wheat China
78%
Wool China
78%
Vanilla Madagascar
51%
No matching quizzes found
Score Distribution
Percent of People with Each Score
Percentile by Number Answered
Your Score History
You have not taken this quiz